Shin Megami Tensei III - All Magatama - Statistics

General Stats
  • This quiz has been taken 7 times
  • The average score is 4 of 25
Answer Stats
Skills imparted Magatama % Correct
Physical Gaea
75%
Ultimate Masakados
50%
Dark Anathema
25%
Healing Ankh
25%
Healing Geis
25%
Almighty Kailash
25%
Physical Kamudo
25%
Physical Marogareh
25%
Ice Miasma
25%
Electric Narukami
25%
Light Nirvana
25%
Special Satan
25%
Physical Vimana
25%
Electric Adama
0%
Support Djed
0%
Fire Gehenna
0%
Force Gundari
0%
Force Hifumi
0%
Support Iyomante
0%
Physical Kamurogi
0%
Ailment Murakumo
0%
Status Muspell
0%
Fire Shiranui
0%
Healing Sophia
0%
Ice Wadatsumi
0%
No matching quizzes found
Score Distribution
Percent of People with Each Score
Percentile by Number Answered
Your Score History
You have not taken this quiz